000 00989nas a2200337 4500
001 BR2015002578
003 BR-BrBNA
005 20231205125335.0
007 ta
008 230509b bl.|||p| |||| 00| 00por d
040 _aBR-BrBNA
_bpor
_cBiblioteca Nacional de Agricultura
041 _a(Pt)
072 _aF04
100 1 _aSouza, N.H. de
100 1 _aMarchetti, M.E.
100 1 _aCarnevali, T. de O.
100 1 _aRamos, D.D.
100 1 _aScalon, S. de P.Q.
100 1 _aOliveira, M.T. de
245 1 _aCrescimento inicial de Stryphnodendron polyphylum (Mart.)em resposta á adubação com N e P
650 _aBARBATIMÃO
650 _aSTRYPHNODENDRON POLYPHYLUM
650 _aCRESCIMENTO
650 _aADUBAÇÃO
650 _aNITROGÊNIO
650 _aFÓSFORO
650 _aRESPOSTA DA PLANTA
773 0 _tCerne (Brazil)
_xISSN 0104-7760
_g(2014), v. 20(3) p. 441-447
_wBR2015002578
909 _a202311
_bLúcia
_c55
_dLúcia Elande
942 _2AGRIS
_n0
_cANA
999 _c243878
_d243878